| 000 | 00793nam a2200241Ia 4500 | ||
|---|---|---|---|
| 003 | GCL | ||
| 008 | 140319s9999 xx 000 0 ara d | ||
| 040 |
_aGCL / _cGCL |
||
| 082 | 0 | 4 |
_a796.32 _bا ك |
| 100 | 1 | _aالين وديع فرج | |
| 245 | 1 | 0 |
_aالكرة الطائرة: دليل المعلم والمدرب واللاعب / _cالين وديع فرج |
| 260 |
_a[S.N] : _bمنشاة المعارف ، _c1989 |
||
| 300 | _a480 ص | ||
| 490 | _a | ||
| 650 | 0 | 4 | _aالرياضة البدنية |
| 650 | 0 | 4 | _aالالعاب الرياضية |
| 650 | 0 | 4 | _aالعاب الكرة |
| 650 | 0 | 4 | _aالكرة الطائرة |
| 650 | 0 | 4 | _aالرياضيون |
| 650 | 0 | 4 | _aالتدريب الرياضى |
| 650 | 0 | 4 | _aالالعاب الرياضية الجماعية |
| 942 |
_2ddc _cBK |
||
| 999 |
_c33202 _d33202 |
||